[Event "CRO-ch"]
[Site "Pula"]
[Date "2000.01.08"]
[Round "2"]
[White "Fercec, Nenad"]
[Black "Zelcic, Robert"]
[Result "1-0"]
[WhiteElo "2476"]
[BlackElo "2561"]
[Annotator "Finkel,A"]
[PlyCount "89"]
[EventDate "2000.01.07"]
[EventType "tourn"]
[EventRounds "13"]
[EventCountry "CRO"]
[EventCategory "8"]
[SourceTitle "CBM 075"]
[Source "ChessBase"]
[SourceDate "2000.04.05"]
[SourceVersion "1"]
[SourceVersionDate "2000.04.05"]
[SourceQuality "1"]

1. e4 e6 2. d4 d5 3. Nc3 Nf6 4. Bg5 Bb4 5. e5 h6 6. Bd2 Bxc3 7. bxc3 Ne4 8. Qg4
g6 9. Bd3 Nxd2 10. Kxd2 b6 $6 {Dubious continuation,and this game perfectly
shows why.Black loses precious time in order to change the bishops,while white
creates apressure on the kingside.} (10... c5 11. Nf3 (11. h4 Qa5 12. h5 g5 13.
f4 cxd4 14. Nf3 dxc3+ 15. Ke2 Qa4 $17 {Seirawan,Y-Makarichev,S/Reykjavik op
1990}) 11... Nc6 12. Qf4 (12. Bb5 $5 cxd4 (12... Bd7 $6 13. Bxc6 Bxc6 14. dxc5
Qe7 15. Qd4 Rc8 16. Rab1 Rc7 17. Ne1 O-O 18. h4 $36 {Mertanen,J-Jauhiainen,K/
Kaleva op 1988}) 13. Nxd4 O-O $1 $36 (13... Bd7 14. Bxc6 Bxc6 15. h4 Qc7 16.
Qf4 O-O-O 17. Rh3 h5 18. Rf3 Rd7 19. Ke1 Kb8 20. Kf1 Rc8 $13 {Stefansson,
H-Savchenko,S/EUCup f 1994 (41)}) 14. Bxc6 {Typical exchange for this kind of
positions.} (14. Nxc6 $6 bxc6 15. Bxc6 Rb8 16. Ba4 d4 $1 $36 17. Qxd4 $2 Rb4 $3
$19) 14... bxc6 15. Nb3 Ba6 (15... Qg5+ $6 16. Qxg5 hxg5 17. Nc5 f6 18. exf6
Rxf6 19. f3 $14) 16. h4 Bc4 17. h5 g5 $15 {Polgar,S-Zifroni,D/Czerniak mem
14th 1998}) (12. Rab1 c4 13. Be2 b6 14. Qf4 Bd7 15. h4 Qe7 16. h5 g5 17. Qf6
O-O-O $13 {Spraggett,K-Ree,H/Wijk 1985}) (12. Rhe1 $6 Qa5 $5 13. Qf4 cxd4 14.
Nxd4 Nxd4 15. Qxd4 b6 16. a4 Ba6 $15 {Sokolowski,S-Yoccoz,J/Paris-ch 1988}) (
12. dxc5 $6 Qa5 13. Qf4 Qxc5 14. Nd4 Nxd4 15. cxd4 Qa5+ 16. Ke3 b6 17. h4 Ba6
18. a4 Rc8 19. Ra3 Qb4 20. Rha1 Bxd3 21. cxd3 Rc2 $17 {Lanc,A-Glek,I/Stare
Mesto 1992 (30)}) 12... c4 13. Be2 Bd7 14. h4 Qe7 15. Nh2 O-O-O 16. Ng4 Rdf8
17. Nf6 $14 {Kerek,K-Stjazhkin,V/Budapest FS08 IM-B 1998}) 11. h4 Ba6 12. h5 $1
(12. Rh3 Bxd3 13. Rxd3 c5 14. Nh3 Nc6 15. Nf4 Qe7 16. a3 Na5 $15 {Malashenko,
A-Drozdov,A/Moravia-ch op 1996}) 12... Bxd3 13. cxd3 Rg8 {Athoer continations
are even worse:} (13... Qg5+ $2 14. Qxg5 hxg5 15. hxg6 $1 {[%cal Gg6g8]} Rxh1
16. g7 $18) (13... g5 $6 14. f4 gxf4 15. Qg7 Rf8 16. Qxh6 Rg8 17. Qxf4 Rxg2+
18. Ne2 $16) 14. hxg6 Rxg6 15. Qf4 Rxg2 16. Rxh6 Nd7 17. Ne2 {[%csl Rg2][%cal
Ge2g3] Threatening to win an exchange after Ng3.} Rg8 $8 (17... Qe7 $2 18. Ng3
(18. Rah1 $1 Rg8 (18... O-O-O $6 19. Ng3 $1 (19. Rh7 Rf8 20. Ng3) 19... Qa3 20.
Qf3 Qb2+ 21. Ke3 Rxg3 22. fxg3 Qxc3 23. Qxf7 $18) 19. R1h3 O-O-O 20. Rh7 Rdf8
21. R3h6 $14) 18... Qa3 19. Rah1 $1 Qxa2+ 20. Ke3 $18) 18. Rh7 $1 $14 Qe7 19.
Rg1 Rxg1 (19... Qf8 $2 20. Rxg8 Qxg8 21. Qh4 {[%csl Re8][%cal Gh7h8]} Nf8 22.
Rh8 Qg7 23. Nf4 $16) 20. Nxg1 O-O-O $6 ({It was necesary to play} 20... Nf8 21.
Rg7 Ng6 22. Qf6 $1 (22. Qh6 Qa3 23. Ne2 Qxa2+ 24. Ke3 Qa3 $15) 22... Qxf6 23.
exf6 $14 {[%csl Rf7][%cal Gg1f3,Gf3g5,Gf3e5] allthough also in this case white
keeps better chanses.}) 21. Rxf7 (21. Qxf7 $2 Qg5+ {[%cal Gg5d2,Gg5g1]}) 21...
Qa3 22. Ne2 Qxa2+ 23. Ke3 Qa4 24. Qh6 Qc6 $6 ({More persistant was} 24... Re8
$5 25. f4 Qb5) 25. Rg7 a5 26. f4 Kb7 27. Re7 Nf8 28. Rf7 $1 {Wtite's play is
very accurate and strong.} Qe8 (28... Nd7 29. Qh4 $1 (29. f5 $6 exf5 30. Qxc6+
Kxc6 31. c4 b5 32. cxd5+ Kxd5 33. Nf4+ Kc6 34. d5+ Kb6 35. e6 (35. Ne6 $2 Nxe5
36. Nxd8 Nxf7 37. Nxf7 Kc5 $15) (35. Kd4 c5+ 36. dxc6 Kxc6 37. e6 Nf6+ $17)
35... Nc5 36. e7 Re8 37. Rf6+ Ka7 38. Ng6 Nb7 $13) 29... Kc8 (29... Rg8 30. Qe7
Kc8 31. f5 exf5 32. e6 Nb8 33. Rf8+ Rxf8 34. Qxf8+ Kb7 35. e7) 30. Qe7 a4 31.
f5 exf5 32. e6 Nb8 33. Rf8 $1 $18) 29. Qg7 Rc8 30. c4 $16 {[%csl Rc7,Rf8]
Black is tied up and white starts an advance of the pawns,which decides the
game.} dxc4 31. dxc4 Qa4 32. Kf2 $1 Qb4 $6 {Last desparate effort to
complicate the matters.} (32... Qe8 33. Nc3 (33. d5 exd5 34. cxd5 Qb5 35. Qg2
Qc5+ 36. Kf1 Kb8 $16) 33... Qd8 {[%cal Gd8h4]} 34. Nb5 Kb8 35. Nd6 $1 Qh4+ 36.
Kg2 $18) 33. c5 $1 $18 {[%csl Rf8]} bxc5 34. Rxf8 cxd4 35. Qg2+ Kb8 36. Rxc8+
Kxc8 37. Qg8+ Kb7 38. Qxe6 c5 39. Qd5+ Kb6 40. e6 Qd2 41. Qd8+ Kb7 42. Qd5+ Kb6
43. Qd8+ Kb7 44. e7 Qe3+ 45. Ke1 1-0

[Event "GER-ch 71st"]
[Site "Altenkirchen"]
[Date "1999.11.16"]
[Round "5"]
[White "Kindermann, Stefan"]
[Black "Reefschlaeger, Helmut"]
[Result "1-0"]
[WhiteElo "2527"]
[BlackElo "2381"]
[Annotator "Finkel,A"]
[PlyCount "71"]
[EventDate "1999.11.12"]
[EventType "swiss"]
[EventRounds "9"]
[EventCountry "GER"]
[SourceTitle "CBM 074"]
[Source "ChessBase"]
[SourceDate "2000.02.01"]
[SourceVersion "1"]
[SourceVersionDate "2000.02.01"]
[SourceQuality "1"]

1. e4 e6 2. d4 d5 3. Nc3 Nf6 4. Bg5 Bb4 5. e5 h6 6. Bd2 Bxc3 7. bxc3 Ne4 8. Qg4
Kf8 9. Bd3 Nxd2 10. Kxd2 c5 11. h4 c4 12. Be2 Nc6 13. Rh3 (13. Qf4 Bd7 14. g4
Ke7 15. Nf3 Be8 16. h5 Kd7 17. Qe3 $14 {Lanzani,M-Baccaro,F/Open 1998}) 13...
b5 (13... Rg8 14. Qf4 Bd7 15. Bh5 Be8 16. Ne2 f5 17. g4 Ne7 $132 {Anand,
V-Korchnoi,V/Cat. 19 1999}) (13... Ne7 14. h5 Nf5 15. Nf3 Bd7 16. Qf4 b5 17. g4
Ne7 18. Nh4 Kg8 19. Rg1 $40 {Vysochin,S-Moskalenko,V/Yalta op 1996}) 14. Qf4 (
14. Rf3 a5 15. a3 Bd7 16. Nh3 Ra6 (16... Ne7 17. Qf4 Be8 18. h5 b4 19. axb4
axb4 20. Rxa8 bxc3+ 21. Rxc3 Qxa8 22. Bg4 Kg8 $13 {Arnold,L-Almasi,I/Budapest
FS08 GM 1997}) 17. Nf4 Ne7 18. Nh5 Rh7 19. Rh1 Nf5 20. Qf4 Be8 21. Rfh3 b4 $132
{Hendriks,R-Visser,Y/VAM Hoogeveen op 1997}) (14. Rg3 Rg8 15. a3 Bd7 16. Nh3 a5
17. Nf4 Ne7 18. Nh5 Nf5 19. Rh3 b4 $132 {Madl,I-Almasi,I/Balatonbereny op 1996}
) 14... Bd7 15. Bh5 Be8 16. Ne2 (16. a3 a5 17. Ne2 Qe7 (17... b4 18. axb4 axb4
19. Bxf7 Rxa1 20. Bxe6+ Ke7 21. Rg3 Kxe6 $13 {Timmerman,G-Visser,Y/Dieren op
1998}) 18. Rg3 Qb7 19. Qf3 b4 20. axb4 axb4 21. Rxa8 bxc3+ 22. Qxc3 Qxa8 23.
Qa3+ {1/2-1/2 Berthelot,Y-Moracchini,F/ch-FRA (team) 1999}) 16... a5 ({
Deserved attention} 16... f5 $5 {as was tried in very similiar position in
game Anand-Kortchnoi.}) 17. g4 $5 b4 ({Black doesn't manage to close the
kingside after} 17... Kg8 18. g5 g6 {because of} 19. gxh6 $1 $16) 18. Rah1 Ra7
(18... Rg8 $6 19. g5 g6 $2 20. gxh6 gxh5 21. h7 Rh8 22. Qh6+ Ke7 23. Qf6+ $18)
19. g5 Ne7 20. Bg4 Qb6 $2 {Permitting white to develop the initiative on the
kingside.Black misses vey strong posiibility} (20... h5 $1 21. Bf3 (21. Bxe6
Ra6 $1 22. Bxf7 Bxf7 23. Rf3 Qe8 $19) 21... Nf5 22. Rb1 Rb7 23. Rhh1 Bc6 24.
Bg2 g6 25. Bh3 Kg7 26. Bxf5 exf5 27. Qe3 Qe7 $132 {with mutual chanses.}) 21.
h5 $36 {White doesn't give a second chanse!} Ng8 22. g6 f6 23. exf6 gxf6 $2 {
Missing nice,but quiet simple combination of white.} (23... Nxf6 24. Re3 Re7
25. Re1 Bd7 26. Ng3 $14) 24. Re3 $1 Re7 ({Doesn't help} 24... Bd7 25. Bxe6 $1
Bxe6 26. Rxe6 Qxe6 27. Qb8+ {[%cal Gb8a7,Gb8f8]} Kg7 28. Qxa7+ Ne7 29. Qxa5 $18
{and white has decisive advantge.}) 25. g7+ $1 Kxg7 26. Bxe6 $1 $18 Rxe6 (26...
Bf7 27. Qg4+ $1 (27. Rg1+ $2 Kf8 28. Bxf7 Rxf7 (28... Kxf7 29. Qg4 Ke8 30. Qg7
bxc3+ 31. Kd1 $1 $18) 29. cxb4 axb4 30. a3 $14) 27... Kf8 28. Bxf7 Rxe3 29.
fxe3 Kxf7 30. Rg1 $18) 27. Qg4+ Kf7 28. Rg1 {[%csl Rf7,Rh8] Black can't defend
the rook on h8 and the game is over.} Ke7 29. Qg7+ Bf7 30. Rxe6+ (30. Qxh8
bxc3+ 31. Rxc3 Bxh5 32. Qg7+ Bf7 33. Rgg3 $18) 30... Qxe6 31. Qxh8 Qf5 32. Rg3
Qxf2 33. Qg7 Ke8 34. Re3+ Ne7 35. Qxh6 Kd7 36. Qf4 1-0

[Event "RUS-Cup03 Geller Memorial"]
[Site "Moscow"]
[Date "1999.02.12"]
[Round "3"]
[White "Filipenko, Alexander V"]
[Black "Volkov, Sergey"]
[Result "1/2-1/2"]
[WhiteElo "2360"]
[BlackElo "2587"]
[Annotator "Finkel,A"]
[PlyCount "102"]
[EventDate "1999.02.10"]
[EventType "swiss"]
[EventRounds "9"]
[EventCountry "RUS"]
[SourceTitle "CBM 070"]
[Source "ChessBase"]
[SourceDate "1999.06.08"]
[SourceVersion "1"]
[SourceVersionDate "1999.06.08"]
[SourceQuality "1"]

1. e4 e6 2. d4 d5 3. Nc3 Nf6 4. Bg5 Bb4 5. e5 h6 6. Be3 $6 {This variation may
hardly be recommended.Black easily gets very comfortable position with good
chanses for advantage.} (6. Bd2) 6... Ne4 7. Qg4 Kf8 8. a3 Bxc3+ 9. bxc3 c5 10.
Bd3 Nxc3 (10... Qa5 $5 11. Ne2 Nxc3 $6 (11... Nc6 12. Bxe4 cxd4 13. Bd2 dxe4
14. cxd4 Qd5 15. O-O b6 (15... Nxd4 $6 16. Nxd4 Qxd4 17. Rad1 Qxe5 18. Bc3 $1
Qxc3 19. Rd8+ Ke7 20. Rxh8 $16 {Kurajica,B-Bednarski,J/Hoogovens-B 1973 (29)})
16. Rfd1 Kg8 17. c4 $5 Qxc4 18. Rac1 $36 {Hernandez,G-Hergott,D/Linares NL 1992
}) 12. Bd2 cxd4 13. Nxd4 Qc7 14. O-O Bd7 15. Rae1 Na6 16. Re3 Na4 17. Rg3 $16 {
Klovans,J-Pronold,H/Werfen op 1991 (36)}) 11. dxc5 Nc6 (11... Qa5 $5 12. Qb4 (
12. Bd2 Nc6 13. Ne2 $6 Qa4 14. Qh5 Nxe2 15. Qxe2 Qd4 16. O-O Qxe5 17. Qf3 Qf6
$13 {Maxion,D-Busse,K/Dortmund op 1990 (36)}) 12... Qxb4 13. axb4 Nc6 14. Bd2
Ne4 15. Bxe4 dxe4 16. Bc3 Ne7 17. Rd1 Nd5 $132 {Berset,P-Moor,O/Zuerich op 1993
}) 12. Nf3 f5 $5 (12... Qa5 $6 13. O-O Na4 $2 14. Bd2 Nc3 15. Nd4 $18 {Mokry,
K-Chinchilla,E/Dubai olm 1986 (18)}) 13. exf6 Qxf6 14. Qh5 $1 (14. O-O $6 e5
15. Qg6 (15. Qh5 e4 16. Nh4 Ne7 $1 $19) 15... Qxg6 $5 (15... e4 16. Qxf6+ gxf6
17. Bd2 exd3 $1 (17... Na4 $6 18. Bb5 Nxc5 19. Bxc6 bxc6 20. Nd4 Ne6 21. Nxc6
Bd7 22. Nb4 d4 $13) 18. Bxc3 dxc2 {[%csl Gc2]} 19. Rac1 Bf5 20. Bxf6 Rg8 21.
Nd4 (21. Ne1 Na5 $1 22. Nxc2 Nb3 23. Ne3 Nxc1 24. Rxc1 Be4 25. Kf1 $15) 21...
Nxd4 22. Bxd4 Bh3 23. g3 Bxf1 24. Kxf1 Kf7 25. Rxc2 $15) 16. Bxg6 Ke7 17. Rfe1
(17. Bd2 Na4 {[%csl Rc5]} 18. Rad1 Kf6 $17) 17... Kf6 18. Bd3 Bf5 19. Bxf5 Kxf5
$15) 14... e5 15. Bg6 Kg8 (15... e4 $6 16. Nh4 (16. Ng5 $6) 16... d4 17. Bd2
Ne5 18. h3 $16 {[%csl Re4]}) (15... Be6 16. Bg5 $1) 16. O-O Ne2+ $6 {Dubious
idea passing the initiative into white's hands.} (16... Be6 $5 17. Bd2 (17.
Rfe1 $6 Rf8 $1 {[%csl Rf2]} 18. Bd2 e4 19. Bxc3 Qxc3 20. Nh4 Qxc2 $17) 17...
Ne2+ $6 (17... Ne4 $5 18. Bxe4 dxe4 19. Nh4 Kh7 $1 {[%cal Gg7g5]} (19... g5 $6
20. Qg6+ (20. Ng6 Bf7 21. Bxg5 Qf5 $1 $19) 20... Qxg6 21. Nxg6 Rh7 22. Bc3 Nd4
23. Rae1 Nxc2 $15) 20. Rab1 Rab8 21. g3 (21. f3 e3 $1 22. Bxe3 g5 $17) (21. f4
g6 22. Qxh6+ $5 Kxh6 23. fxe5+ Qg5 24. Bxg5+ Kxg5 25. Nxg6 Rh6 $19) 21... g5
22. Ng2 Nd4 $17) 18. Kh1 Nf4 19. Bxf4 Qxf4 20. Rab1 Bg4 21. Qh4 Bxf3 22. Qxf4
exf4 23. gxf3 $14) 17. Kh1 Nf4 18. Bxf4 Qxf4 19. h3 $36 (19. Rab1 $5) 19... Be6
20. c3 $5 {Defending against 20...e4} Bf7 (20... e4 21. Nd4 $14) 21. Rab1 Bxg6
$1 {Black is absolutely right not entering following variation:} (21... Rb8 $6
22. Rfd1 e4 23. Nh4 Qxf2 24. Rf1 Bxg6 25. Nxg6 Qxc5 26. Qf5 $1 $16) 22. Qxg6
Qf7 23. Qxf7+ (23. Qd6 $2 Rd8 24. Nxe5 Qe8 $1 25. Qc7 Qxe5 26. Rxb7 Qxc7 27.
Rxc7 Ne5 $15) 23... Kxf7 24. Rxb7+ $14 Kf6 25. Rfb1 $6 {Giving up the idea to
fight for a win and intending to secure a draw.} (25. a4 $5 Rab8 26. Rb5 Rhd8
27. Rd1 Ke6 28. Kg1 $14) 25... Rhb8 26. Rxb8 Rxb8 27. Rxb8 Nxb8 $11 {[%csl Rc5]
} 28. Kg1 Ke6 29. Kf1 Nc6 30. Ke2 d4 31. cxd4 (31. c4) 31... exd4 32. Kd3 ({
Another possibility was} 32. Ne1 Kd5 33. Nd3 Nd8 (33... Na5 34. Nf4+ Ke5 35. g3
g5 36. Nd3+ Kd5 $11) 34. f4 Ne6 35. g4 Nxc5 36. Nxc5 Kxc5 37. Kd3 Kd5 38. h4
$11 {with equal chanses.}) 32... Kd5 33. Nh4 Ne7 (33... Ne5+ 34. Ke2 Kxc5 35.
Nf5 g6 $1 36. Nxh6 Nc4 37. h4 Nxa3 38. g4 Nc4 39. h5 $11) 34. Nf3 Nc6 35. Nh4
h5 $5 {Black deviates from repeatition of the moves and still tries to find
winning chanses.} 36. Nf5 (36. f4 $5 Kxc5 (36... Nd8 37. f5 (37. Nf5 Ne6 $1 $15
) 37... Nb7 38. c6 Nc5+ 39. Kc2 Kxc6 40. g4 hxg4 41. hxg4 Kd5 42. g5 Ke5 43. f6
gxf6 44. gxf6 d3+ 45. Kd2 Kxf6 46. Nf3 $11) 37. g4 hxg4 38. hxg4 Kd5 39. Nf3
$11) 36... g6 37. Nh4 Ne5+ 38. Kc2 g5 ({To the same result leads} 38... Kxc5
39. f4 Nc4 40. Nxg6 (40. a4 $5) 40... Nxa3+ 41. Kd3 Nc4 42. g4 hxg4 43. hxg4 a5
44. Ne5 Nxe5+ 45. fxe5 Kd5 46. e6 Kxe6 $11) 39. Nf5 Kxc5 40. Ng7 Kc4 41. Nxh5
d3+ (41... Nd3 $5) 42. Kd1 Kd4 43. Nf6 Nc4 44. g3 Nxa3 45. h4 gxh4 46. gxh4 Nc4
47. h5 Nd6 48. h6 Nf7 49. h7 a5 50. Kd2 a4 51. Ne8 Nh8 1/2-1/2

[Event "GER-ch 71st"]
[Site "Altenkirchen"]
[Date "1999.11.18"]
[Round "7"]
[White "Mueller, Karsten"]
[Black "Reefschlaeger, Helmut"]
[Result "1-0"]
[WhiteElo "2533"]
[BlackElo "2381"]
[Annotator "Finkel,A"]
[PlyCount "65"]
[EventDate "1999.11.12"]
[EventType "swiss"]
[EventRounds "9"]
[EventCountry "GER"]
[SourceTitle "CBM 074"]
[Source "ChessBase"]
[SourceDate "2000.02.01"]
[SourceVersion "1"]
[SourceVersionDate "2000.02.01"]
[SourceQuality "1"]

1. e4 e6 2. d4 d5 3. Nc3 Nf6 4. Bg5 Bb4 5. exd5 Qxd5 6. Bxf6 Bxc3+ 7. bxc3 gxf6
8. Nf3 (8. Qd2 $1 $14) 8... b6 (8... Bd7 9. Be2 Qa5 10. O-O (10. Qd2 Bc6 11.
O-O Nd7 12. Qe3 Rg8 13. c4 O-O-O 14. g3 Nb6 15. Nd2 Qf5 16. c3 h5 $36 {Suetin,
A-Glek,I/Bern op 1994}) 10... Qxc3 11. Rb1 Bc6 12. Bb5 Bxb5 13. Rxb5 Nd7 14.
Rxb7 Nb6 15. d5 $1 $44 {De la Villa Garcia,J-Vallejo Pons,F/Torneo de Pamplona
9th 1998}) 9. Bd3 (9. Be2 Bb7 10. O-O (10. Qd2 Nd7 11. c4 Qf5 12. O-O-O O-O-O
$17 {-/+|^<< Capablanca-Snosko_Borovsky/Petersburg/1913}) 10... Nd7 (10... Rg8
11. a4 Nc6 12. Qd3 O-O-O 13. Rfb1 Qh5 14. Ne1 Qg6 15. Bf3 Qxd3 16. cxd3 Na5 $11
{Grigorov,J-Vaisser,A/Cappelle op 1993}) 11. a4 Rg8 12. a5 b5 13. Qd3 f5 14.
Rfe1 (14. Qxb5 $4 Qxb5 15. Bxb5 Bxf3 $19) 14... a6 $2 (14... Bc6 15. Kf1 Nf6
16. c4 bxc4 17. Qxc4 Qxc4 18. Bxc4 Bxf3 19. gxf3 Kd7 $10) 15. Kf1 $1 Nf6 16. c4
$1 bxc4 17. Qxc4 Qxc4 18. Bxc4 Bxf3 19. gxf3 $16 {Conquest,S-Skogen,S/Gausdal
Int 1991}) (9. g3 Nd7 10. Bg2 Ba6 11. Kd2 O-O-O $15 {Hoi-Murey/Copenhagen PC/
1986}) (9. Qd2 Bb7 10. c4 Qd6 11. Be2 Nd7 12. O-O-O $6 Rg8 13. Rhg1 Qa3+ 14.
Kb1 O-O-O 15. Qe3 Qb4+ 16. Ka1 c5 $15 {Trisic,A-Lamprecht,F/Hamburg ch 1997})
9... Bb7 10. O-O Rg8 {[%cal Gd5f3]} 11. Kh1 Nd7 $13 (11... Qh5 12. Be2 (12. a4
$2 Rxg2 $1 $19) (12. Ne1) 12... Nd7 13. a4 Qg6 14. g3 h5 15. a5 $14) 12. Re1 (
12. a4 a5 13. Rb1 O-O-O 14. Re1 (14. Qe2 $2 Rxg2) 14... Qh5 15. Bf1 (15. Be4
Bxe4 16. Rxe4 Qg6 $19 {[%cal Gg6e4,Gg6g2]}) 15... f5 $132) 12... Qh5 13. Re3
O-O-O 14. Ne1 {White has accepted the fact that he didn't get any opening
advantage and now offers the exchange of queens,intending to decrease black's
pressure on the kingside.} (14. Qf1 $5 {[%cal Gd3a6]} f5 15. Ba6 Rg4 (15... Nf6
$6 16. Ne5 Ng4 17. Rh3 Qg5 18. Nxf7 Qf4 19. Bxb7+ $18) 16. Bxb7+ Kxb7 17. a4
Rdg8 18. Ne1 Rh4 19. Nf3 Rhg4 20. Ne1 $13) 14... Qxd1 15. Rxd1 f5 16. Bf1 Nf6
17. Kg1 c5 18. Rh3 h5 ({Nothing promises} 18... e5 $6 19. Nf3 $1 e4 (19... exd4
20. cxd4 Rg4 21. c3 Kc7 22. Ne5 $14) 20. Ne5 Rg7 21. Rg3 Rxg3 22. hxg3 Bd5 23.
f3 $14 {and white is the one who gets an upper hand.}) 19. Be2 cxd4 $6 ({
More in the spirit of the position was} 19... Nd5 $1 20. Bf3 Kc7 $15 {keeping
some pressure.}) 20. cxd4 Nd5 21. Bxh5 Nf4 22. Rc3+ Kb8 23. Bf3 e5 $5 ({After} 
23... Bxf3 24. Rxf3 Rxd4 25. Rxd4 Ne2+ 26. Kf1 Nxd4 27. Rd3 $14 {white has
minimal advantage.}) 24. dxe5 Rxd1 25. Bxd1 Nxg2 26. Rg3 $5 (26. Nxg2 Rxg2+ 27.
Kf1 Rxh2 28. Bf3 Ba6+ 29. Ke1 f4 $5 $11) 26... Rd8 $2 {Trusting the opponent,
which is extremly rarely a right thing to do.After correct} (26... Rxg3 $1 27.
fxg3 Nxe1 28. Kf2 Ng2 29. Bf3 $6 (29. h4 f4 30. h5 fxg3+ 31. Kxg3 Ne3 32. Kf4
Ng2+ $1 (32... Nxd1 33. h6) (32... Nd5+) 33. Kg5 (33. Kf5 Ne3+ 34. Kf4 Ng2+ $11
) 33... Be4 34. h6 Bh7 $1 (34... Ne3 35. Kf4 Nxd1 36. Kxe4 $18) 35. Kf6 Ne3 36.
Kxf7 (36. Bh5 Nf5 37. Bxf7 Nxh6 38. e6 Bxc2 39. e7 Ba4 $11) 36... Nf5 37. e6
Nxh6+ 38. Kg7 Bg8 $11) 29... Bxf3 30. Kxf3 Ne1+ 31. Kf4 Kc7 32. Kxf5 (32. h4
Kd7 33. h5 Ke8 34. h6 Kf8 35. c3 Kg8 36. Kxf5 Kh7 37. Kf6 Nd3 38. g4 Kxh6 39.
g5+ Kh7 $19) 32... Kd7 33. Kf6 Ke8 34. c3 Kf8 35. h4 $13 {white doesn't manage
to get more than a draw,while after continuation in the game black gets
hopless position.}) 27. Nd3 $16 Nf4 28. h4 Be4 29. h5 Bxd3 $6 ({Some chanses
of survival would leave} 29... Ne6 $8) 30. cxd3 Nxd3 (30... Rh8 31. Rf3 Nxh5
32. Rxf5 $18) 31. h6 Nxe5 32. h7 Ng6 33. Bb3 (33. Bb3 Nh8 34. Rg8 Kc7 35. Kg2
Kd7 36. Kg3 Ke7 37. Kf4 $18 {[%cal Gf4h6,Gh6g7]}) 1-0

[Event "RUS-ch qual 57th"]
[Site "St Petersburg"]
[Date "2004.05.27"]
[Round "6"]
[White "Kurnosov, Igor"]
[Black "Nepomniachtchi, Ian"]
[Result "0-1"]
[WhiteElo "2543"]
[BlackElo "2445"]
[Annotator "Finkel,A"]
[PlyCount "66"]
[EventDate "2004.05.21"]
[EventType "swiss"]
[EventRounds "9"]
[EventCountry "RUS"]
[SourceTitle "CBM 102"]
[Source "ChessBase"]
[SourceDate "2004.09.23"]
[SourceVersion "1"]
[SourceVersionDate "2004.09.23"]
[SourceQuality "1"]

1. e4 e6 2. d4 d5 3. Nc3 Nf6 4. Bg5 Bb4 5. e5 h6 6. Be3 {Quite rare
continuation, which is starting to gain popularity. In my opinion white has
very good chances to get an opening advantage in this line.} Ne4 7. Qg4 g6 8.
a3 Bxc3+ 9. bxc3 Nxc3 (9... c5 10. Bd3 Nxc3 11. dxc5 Qa5 (11... Nc6 12. Nf3 Qa5
13. O-O Qa4 14. Qxa4 Nxa4 15. Bb5 Nc3 $132 {Hracek,Z-Vaisser,A/EU-chTM 1997})
12. Qb4 Qxb4 13. axb4 Nc6 14. Bd2 d4 15. Bxc3 dxc3 16. Bb5 Bd7 $13 {Klovans,
J-Jahrsdoerfer,G/Wuerzburg op 1995}) 10. Bd3 Nc6 (10... Bd7 11. h4 c5 12. dxc5
Nc6 13. Nf3 Ne7 14. h5 g5 15. Nd4 $36 {Klovans,J-Grabuzova,T/Cappelle op 1995})
11. h4 (11. Nf3 Ne7 12. Bd2 Na4 13. Qf4 Nf5 14. h4 c5 15. dxc5 Nxc5 16. g4
Nxd3+ 17. cxd3 Ne7 18. Qf6 $36 {Herbrechtsmeier,C-Koen,M/Biel op 1993}) 11...
Ne7 (11... Qe7 $6 12. Nh3 Bd7 13. h5 gxh5 $5 14. Qf3 {[%cal Gh3f4,Gf4h5,Gh5f6]}
Qh4 15. Qf4 Qxf4 16. Nxf4 O-O-O 17. Rxh5 Ne7 18. f3 $1 $14 {[%csl Ge4] Shirov,
A-Brynell,S/Rethymnon 2003}) 12. h5 (12. f3 c5 13. dxc5 Nc6 14. Bd2 d4 15. Bxc3
dxc3 16. Qc4 Nxe5 17. Qxc3 Qf6 18. Ne2 $13 {Hernandez,G-Glek,I/Linares op 1996}
) 12... g5 13. f3 Bd7 (13... c5 14. dxc5 Nc6 15. f4 f5 16. exf6 e5 17. Bg6+ Kf8
18. Qf3 d4 19. Bd2 $36 {Zawadzki,S-Vysochin,S/Polanica Zdroj 2001}) 14. Nh3 $5
{This move appears to be a novelty. I'm not sure it's any better than 14.Bd2
which was tried by russian GM Smirnov a few months earlier, but after black's
unfortunate reply white got very significant advantage after the opening.} (14.
Bd2 Na4 15. f4 c5 $5 (15... Nb2 16. fxg5 Nxd3+ 17. cxd3 Bb5 18. g6 fxg6 19.
hxg6 Nf5 20. Qf4 {[%cal Gg2g4]} Qd7 21. g4 Ng7 22. Rh3 $14) 16. fxg5 c4 17. Be2
Qb6 18. Nf3 $14 {Smirnov,P-Alavkin,A/Sochi 2004/CBM 101}) 14... Bc6 $6 {
Too passive. Typical c5 break seems to be more in place.} 15. Bd2 Na4 16. f4
gxf4 17. O-O ({Another promising alternative was} 17. Qg7 $5 Rg8 18. Qxh6 Nb2
19. Bh7 Rxg2 20. Nxf4 Rg4 21. Qf6 Ng8 22. Qxd8+ Rxd8 23. Bc1 Nc4 24. h6 Kd7 25.
Ke2 $16 {with a huge advantage in the endgame.}) 17... Nb2 18. Be2 $6 {
Permitting black to accomplish development. More dangerous for black was} (18.
Qxf4 Nxd3 19. Qxf7+ Kd7 20. cxd3 Qg8 21. Qxg8 Raxg8 22. Rf7 Ke8 23. Rf6 Nf5 24.
Rxe6+ Kd7 25. Rf6 Nxd4 $14) 18... Nc4 19. Qxf4 Nf5 20. Bg4 Qd7 21. Be1 O-O-O $6
{It's black's turn to "return a favor". After logical} (21... Nfe3 22. Rf2
O-O-O 23. Bf3 Rdg8 $36 {white would be deprived of any counterplay.}) 22. Bxf5
exf5 23. Bh4 Rde8 24. Bf6 Rhg8 25. Nf2 $6 ({For some reason white decides not
to take a pawn on h6, even though it would've pose black very serious problems.
} 25. Qxh6 f4 26. Nxf4 Ne3 27. Qh7 Nxf1 28. Rxf1 $16) 25... Ba4 26. Ra2 {
[%csl Rf1]} (26. Rac1 $142) 26... Qb5 27. Qxh6 {[%csl Rg3]} (27. Rc1 Qa5 28.
Qxf5+ Kb8 29. Qd3 $13) 27... Rg3 $1 {Threatening to bring the knight to e3.}
28. Bg5 $2 {A very painfull blunder, based on miscalculation.} (28. Nh1 $8 Rg4
29. Nf2 Rg3 (29... Rxd4 30. c3 Re4 31. Nxe4 fxe4 32. Qf4 Qb3 33. Raf2 e3 34.
Re2 $16 {[%cal Gh5h8]})) 28... Rg8 29. e6 {White was probably counting on this
move, but...} f6 $1 $19 {Chilling white's enthusiasm!} (29... R3xg5 $2 30. exf7
Rxg2+ 31. Kh1 $18) 30. Qxf6 Ne3 $1 31. c4 Qxc4 32. Raa1 Rxg2+ 33. Kh1 R2xg5 0-1